Score 0/8 Timer 10:00
0 Plays Today
% Correct
Cinder
99.9%
Peony
64.4%
Iko
62.8%
Pearl
60.3%
Adri
55.9%
Levana
45.5%
Princess Selene
16.8%
Kaito 'Kai'
13.7%
Remove Ads.
Support Sporcle.
Get the best of Sporcle when you Go Orange. This ad-free experience offers more features, more stats, and more fun while also helping to support Sporcle. Thank you for becoming a member.

You're not logged in!

Compare scores with friends on all Sporcle quizzes.
OR
Log In

Show Comments

Extras

Created Jul 1, 2012ReportNominate
Tags:Book Quiz, Cinderella

Top Quizzes Today


Score Distribution

Your Account Isn't Verified!

In order to create a playlist on Sporcle, you need to verify the email address you used during registration. Go to your Sporcle Settings to finish the process.

Report this User

Report this user for behavior that violates our Community Guidelines.

Details: